000 00642nam a2200217Ia 4500
008 131103s9999 xx 000 0 und d
020 _a0 07 365795 6
040 _aLoreto College
041 _aEnglish
082 _a150/PAS
_bLCLIB(Press)/43372
100 _aPasser, Michael W
245 _aPsychology
_b Frontiers and applications
_cMichael W Passer & Ronald E Smith
250 _a1st ed.
260 _aBostan
_bMc Graw Hill
_c2001
300 _axxii,703p.
_b ill.
_c 28cm.
504 _aIncludes bibliographical references and index
650 _aPsychology
700 _aSmith, Ronald E
850 _aLCLIB/150/PAS
942 _cBK
999 _c24822
_d75301